[Event "DVM U20 2023"]
[Site "Magdeburg GER"]
[Date "2023.12.27"]
[Round "2"]
[White "Helmsdorf, Marius"]
[Black "Struck, Lasse"]
[Result "0-1"]
[Termination "normal"]
[Board "8.1"]
[WhiteElo "1891"]
[BlackElo "1964"]
[WhiteClock "00:00:33"]
[BlackClock "00:06:26"]
[WhiteTeam "ESV Gera"]
[BlackTeam "SF Essen-Katernberg 04/32"]
[PlyCount "64"]
[WhiteFideId "16274873"]
[BlackFideId "16255623"]
[EventCountry "GER"]
[EventRounds "7"]
[EventType "team-swiss"]
[EventDate "2023.12.26"]

1. d4 {[%clk 01:30:57]} {[%emt 00:00:02]} Nf6 {[%clk 01:30:50]} {[%emt
00:00:11]} 2. Nc3 {[%clk 01:31:24]} {[%emt 00:00:04]} d5 {[%clk 01:31:06]}
{[%emt 00:00:12]} 3. Bf4 {[%clk 01:31:49]} {[%emt 00:00:05]} c5 {[%clk
01:31:23]} {[%emt 00:00:14]} 4. e3 {[%clk 01:32:04]} {[%emt 00:00:16]} cxd4
{[%clk 01:31:41]} {[%emt 00:00:11]} 5. exd4 {[%clk 01:32:30]} {[%emt 00:00:04]}
a6 {[%clk 01:31:52]} {[%emt 00:00:18]} 6. Nf3 {[%clk 01:32:54]} {[%emt
00:00:07]} Nc6 {[%clk 01:31:57]} {[%emt 00:00:25]} 7. Ne5 {[%clk 01:33:17]}
{[%emt 00:00:07]} Bf5 {[%clk 01:22:07]} {[%emt 00:10:20]} 8. g4 {[%clk
01:32:48]} {[%emt 00:00:59]} Bg6 {[%clk 01:16:53]} {[%emt 00:05:44]} 9. h4
{[%clk 01:14:13]} {[%emt 00:19:05]} Nxe5 {[%clk 01:13:48]} {[%emt 00:03:35]}
10. Bxe5 {[%clk 01:12:54]} {[%emt 00:01:49]} h5 {[%clk 01:10:28]} {[%emt
00:03:50]} 11. g5 {[%clk 01:11:31]} {[%emt 00:01:53]} Nd7 {[%clk 01:10:06]}
{[%emt 00:00:51]} 12. Bd3 {[%clk 01:07:06]} {[%emt 00:04:56]} Nxe5 {[%clk
01:03:47]} {[%emt 00:06:49]} 13. dxe5 {[%clk 01:07:30]} {[%emt 00:00:06]} Bxd3
{[%clk 01:03:25]} {[%emt 00:00:53]} 14. Qxd3 {[%clk 01:07:53]} {[%emt
00:00:06]} d4 {[%clk 00:59:19]} {[%emt 00:04:37]} 15. Ne4 {[%clk 00:51:23]}
{[%emt 00:17:01]} Qa5+ {[%clk 00:58:06]} {[%emt 00:01:42]} 16. Kf1 {[%clk
00:48:44]} {[%emt 00:03:10]} Qxe5 {[%clk 00:55:57]} {[%emt 00:02:38]} 17. Re1
{[%clk 00:43:32]} {[%emt 00:05:41]} O-O-O {[%clk 00:52:11]} {[%emt 00:04:17]}
18. Rh3 {[%clk 00:29:13]} {[%emt 00:14:49]} Qd5 {[%clk 00:44:46]} {[%emt
00:07:55]} 19. c4 {[%clk 00:23:42]} {[%emt 00:06:01]} Qd7 {[%clk 00:38:28]}
{[%emt 00:06:47]} 20. c5 {[%clk 00:18:40]} {[%emt 00:05:32]} Kb8 {[%clk
00:30:40]} {[%emt 00:08:19]} 21. Rf3 {[%clk 00:15:28]} {[%emt 00:03:41]} e6
{[%emt 00:08:09]} 22. Rc1 {[%clk 00:13:32]} f5 {[%clk 00:21:33]} {[%emt
00:04:23]} 23. gxf6 {[%clk 00:12:44]} {[%emt 00:01:20]} gxf6 {[%emt 00:00:40]}
24. c6 {[%clk 00:08:53]} {[%emt 00:04:20]} Qc7 {[%clk 00:21:42]} {[%emt
00:00:12]} 25. Rxf6 {[%clk 00:08:36]} {[%emt 00:00:46]} Bg7 {[%clk 00:19:02]}
{[%emt 00:03:10]} 26. Rg6 {[%clk 00:06:48]} {[%emt 00:02:18]} Be5 {[%clk
00:15:40]} {[%emt 00:03:53]} 27. Rxe6 {[%clk 00:05:55]} {[%emt 00:01:23]} Rhe8
{[%clk 00:15:27]} {[%emt 00:00:42]} 28. Nc5 {[%clk 00:04:28]} {[%emt 00:01:58]}
Bd6 {[%clk 00:11:08]} {[%emt 00:04:49]} 29. Nd7+ {[%clk 00:02:19]} {[%emt
00:02:40]} Ka8 {[%emt 00:00:01]} 30. cxb7+ {[%clk 00:01:56]} {[%emt 00:00:52]}
Qxb7 {[%clk 00:11:59]} {[%emt 00:00:09]} 31. Nb6+ {[%clk 00:00:49]} {[%emt
00:01:36]} Kb8 {[%clk 00:06:13]} {[%emt 00:06:17]} 32. Rce1 {[%clk 00:00:33]}
{[%emt 00:00:45]} Qh1+ {[%clk 00:06:26]} {[%emt 00:00:17]} 0-1

[Event "DVM U20 2023"]
[Site "Magdeburg GER"]
[Date "2023.12.27"]
[Round "2"]
[White "Gallas, Noel"]
[Black "Liebold, Aaron"]
[Result "1-0"]
[Termination "normal"]
[Board "8.2"]
[WhiteElo "1931"]
[BlackElo "2037"]
[WhiteClock "00:03:15"]
[BlackClock "00:23:21"]
[WhiteTeam "SF Essen-Katernberg 04/32"]
[BlackTeam "ESV Gera"]
[PlyCount "103"]
[WhiteFideId "16216059"]
[BlackFideId "12997846"]
[EventCountry "GER"]
[EventRounds "7"]
[EventType "team-swiss"]
[EventDate "2023.12.26"]

1. e4 {[%emt 00:00:07]} c5 {[%clk 01:30:56]} {[%emt 00:00:04]} 2. Nc3 {[%clk
01:30:41]} {[%emt 00:00:43]} d6 {[%clk 01:31:14]} {[%emt 00:00:12]} 3. f4
{[%clk 01:30:23]} {[%emt 00:00:49]} g6 {[%clk 01:31:28]} {[%emt 00:00:16]} 4.
Bc4 {[%clk 01:30:24]} {[%emt 00:00:28]} Bg7 {[%clk 01:31:52]} {[%emt 00:00:07]}
5. Nf3 {[%clk 01:30:06]} {[%emt 00:00:48]} Nc6 {[%clk 01:32:13]} {[%emt
00:00:09]} 6. O-O {[%clk 01:29:44]} {[%emt 00:00:51]} e6 {[%clk 01:32:27]}
{[%emt 00:00:16]} 7. d3 {[%clk 01:28:38]} {[%emt 00:01:36]} Nge7 {[%clk
01:32:52]} {[%emt 00:00:05]} 8. Qe1 {[%clk 01:27:47]} {[%emt 00:01:21]} O-O
{[%clk 01:30:22]} {[%emt 00:03:01]} 9. f5 {[%clk 01:23:12]} {[%emt 00:05:04]}
gxf5 {[%clk 01:27:29]} {[%emt 00:03:24]} 10. Qh4 {[%clk 01:17:01]} {[%emt
00:06:40]} fxe4 {[%clk 01:05:20]} {[%emt 00:22:40]} 11. dxe4 {[%clk 01:09:31]}
{[%emt 00:07:58]} Ng6 {[%clk 01:00:43]} {[%emt 00:05:07]} 12. Qh5 {[%clk
01:06:08]} {[%emt 00:03:54]} Nce5 {[%clk 00:57:38]} {[%emt 00:03:35]} 13. Be2
{[%clk 01:00:01]} {[%emt 00:06:37]} a6 {[%clk 00:50:49]} {[%emt 00:07:19]} 14.
Bg5 {[%clk 00:30:01]} {[%emt 00:30:29]} f6 {[%clk 00:37:22]} {[%emt 00:13:57]}
15. Nxe5 {[%clk 00:19:30]} {[%emt 00:11:02]} Nxe5 {[%clk 00:37:05]} {[%emt
00:00:47]} 16. Be3 {[%clk 00:18:54]} {[%emt 00:01:05]} Bd7 {[%clk 00:33:12]}
{[%emt 00:04:23]} 17. Rad1 {[%clk 00:13:52]} {[%emt 00:05:32]} Qe7 {[%clk
00:29:59]} {[%emt 00:03:43]} 18. Rf4 {[%clk 00:10:34]} {[%emt 00:03:49]} Be8
{[%clk 00:28:25]} {[%emt 00:02:03]} 19. Qh3 {[%clk 00:09:07]} {[%emt 00:01:56]}
Bg6 {[%clk 00:28:03]} {[%emt 00:00:53]} 20. a4 {[%clk 00:05:09]} {[%emt
00:04:29]} Rad8 {[%clk 00:26:51]} {[%emt 00:01:42]} 21. Rh4 {[%clk 00:04:06]}
{[%emt 00:01:33]} f5 {[%clk 00:20:01]} {[%emt 00:07:20]} 22. Bh5 {[%emt
00:02:39]} Bf6 {[%clk 00:19:48]} {[%emt 00:00:40]} 23. Bxg6 {[%clk 00:01:49]}
{[%emt 00:00:41]} Bxh4 {[%clk 00:18:17]} {[%emt 00:02:01]} 24. Bh5 {[%clk
00:01:03]} {[%emt 00:01:15]} f4 {[%clk 00:15:40]} {[%emt 00:03:07]} 25. Bc1
{[%clk 00:01:17]} {[%emt 00:00:16]} Kh8 {[%clk 00:15:00]} {[%emt 00:01:10]} 26.
Ne2 {[%clk 00:00:41]} {[%emt 00:01:07]} Qg5 {[%clk 00:11:23]} {[%emt 00:04:06]}
27. g4 {[%clk 00:00:52]} {[%emt 00:00:19]} Ng6 {[%clk 00:06:36]} {[%emt
00:05:18]} 28. Bxg6 {[%clk 00:00:47]} {[%emt 00:00:35]} hxg6 {[%clk 00:06:51]}
{[%emt 00:00:16]} 29. Nxf4 {[%clk 00:00:52]} {[%emt 00:00:24]} Kg8 {[%clk
00:02:56]} {[%emt 00:04:25]} 30. Nxe6 {[%clk 00:00:49]} {[%emt 00:00:34]} Bf2+
{[%clk 00:03:22]} {[%emt 00:00:03]} 31. Kh1 {[%clk 00:00:51]} {[%emt 00:00:28]}
Qe5 {[%clk 00:02:50]} {[%emt 00:01:02]} 32. Nxd8 {[%clk 00:00:54]} {[%emt
00:00:28]} Rxd8 {[%clk 00:01:56]} {[%emt 00:01:23]} 33. Qb3+ {[%clk 00:00:58]}
{[%emt 00:00:25]} Kh8 {[%clk 00:02:09]} {[%emt 00:00:18]} 34. Qxb7 {[%clk
00:00:41]} {[%emt 00:00:47]} Qf6 {[%clk 00:00:34]} {[%emt 00:02:05]} 35. Qb3
{[%clk 00:00:46]} {[%emt 00:00:25]} c4 {[%clk 00:00:41]} {[%emt 00:00:22]} 36.
Qc3 {[%clk 00:00:44]} {[%emt 00:00:32]} Qxc3 {[%clk 00:00:46]} {[%emt
00:00:25]} 37. bxc3 {[%clk 00:01:09]} {[%emt 00:00:05]} Bc5 {[%clk 00:00:58]}
{[%emt 00:00:16]} 38. Kg2 {[%clk 00:00:53]} {[%emt 00:00:48]} Rf8 {[%clk
00:01:12]} {[%emt 00:00:16]} 39. Rf1 {[%clk 00:00:52]} {[%emt 00:00:30]} Re8
{[%clk 00:01:38]} {[%emt 00:00:04]} 40. Re1 {[%clk 00:00:44]} {[%emt 00:00:39]}
Kg7 {[%clk 00:01:10]} {[%emt 00:00:57]} 41. Kg3 {[%clk 00:25:39]} {[%emt
00:05:36]} Kf6 {[%clk 00:28:25]} {[%emt 00:03:15]} 42. h4 {[%clk 00:22:49]}
{[%emt 00:03:20]} Ke6 {[%clk 00:26:32]} {[%emt 00:02:23]} 43. Bg5 {[%clk
00:15:00]} {[%emt 00:08:20]} Rf8 {[%clk 00:25:58]} {[%emt 00:01:03]} 44. Be3
{[%clk 00:08:49]} {[%emt 00:06:41]} Bxe3 {[%clk 00:25:35]} {[%emt 00:00:54]}
45. Rxe3 {[%clk 00:09:15]} {[%emt 00:00:04]} Rf1 {[%clk 00:26:00]} {[%emt
00:00:05]} 46. Rf3 {[%clk 00:08:35]} {[%emt 00:01:10]} Rg1+ {[%clk 00:24:49]}
{[%emt 00:01:41]} 47. Kf4 {[%clk 00:07:44]} {[%emt 00:01:21]} Kf6 {[%clk
00:25:11]} {[%emt 00:00:07]} 48. Rf2 {[%clk 00:05:21]} {[%emt 00:02:53]} Rh1
{[%emt 00:02:32]} 49. Rd2 {[%clk 00:04:29]} Rf1+ {[%clk 00:24:14]} {[%emt
00:00:47]} 50. Ke3 {[%clk 00:04:18]} {[%emt 00:00:40]} Ke6 {[%clk 00:23:56]}
{[%emt 00:00:49]} 51. Rd5 {[%clk 00:03:22]} {[%emt 00:01:26]} Rh1 {[%clk
00:23:21]} {[%emt 00:01:06]} 52. h5 {[%clk 00:03:15]} {[%emt 00:00:37]} *

[Event "DVM U20 2023"]
[Site "Magdeburg GER"]
[Date "2023.12.27"]
[Round "2"]
[White "Frank, Marek"]
[Black "Jahrke, Jonas"]
[Result "1-0"]
[Termination "normal"]
[Board "8.3"]
[WhiteElo "1596"]
[BlackElo "1831"]
[WhiteClock "00:37:23"]
[BlackClock "00:33:00"]
[WhiteTeam "ESV Gera"]
[BlackTeam "SF Essen-Katernberg 04/32"]
[PlyCount "47"]
[WhiteFideId "16239520"]
[BlackFideId "12984353"]
[EventCountry "GER"]
[EventRounds "7"]
[EventType "team-swiss"]
[EventDate "2023.12.26"]

1. e4 {[%clk 01:30:57]} {[%emt 00:00:02]} c5 {[%clk 01:30:56]} {[%emt
00:00:04]} 2. Nf3 {[%clk 01:31:23]} {[%emt 00:00:04]} d6 {[%clk 01:31:23]}
{[%emt 00:00:03]} 3. d4 {[%clk 01:31:47]} {[%emt 00:00:06]} cxd4 {[%clk
01:31:50]} {[%emt 00:00:04]} 4. Nxd4 {[%clk 01:32:07]} {[%emt 00:00:10]} Nf6
{[%clk 01:32:10]} {[%emt 00:00:10]} 5. Nc3 {[%clk 01:32:32]} {[%emt 00:00:05]}
a6 {[%clk 01:32:35]} {[%emt 00:00:05]} 6. g3 {[%clk 01:32:53]} {[%emt
00:00:09]} e5 {[%clk 01:31:09]} {[%emt 00:01:57]} 7. Nde2 {[%clk 01:33:18]}
{[%emt 00:00:05]} Be7 {[%clk 01:28:28]} {[%emt 00:03:10]} 8. Bg2 {[%clk
01:33:44]} {[%emt 00:00:04]} O-O {[%clk 01:25:35]} {[%emt 00:03:24]} 9. O-O
{[%clk 01:33:54]} {[%emt 00:00:19]} b5 {[%clk 01:24:43]} {[%emt 00:01:23]} 10.
Nd5 {[%clk 01:31:25]} {[%emt 00:02:58]} Nxd5 {[%clk 01:23:54]} {[%emt
00:01:19]} 11. Qxd5 {[%clk 01:28:34]} {[%emt 00:03:21]} Ra7 {[%clk 01:24:16]}
{[%emt 00:00:10]} 12. a4 {[%clk 01:21:57]} {[%emt 00:07:07]} Be6 {[%clk
01:23:11]} {[%emt 00:01:34]} 13. Qd2 {[%clk 01:17:57]} {[%emt 00:04:29]} bxa4
{[%clk 01:07:12]} {[%emt 00:16:30]} 14. Rxa4 {[%clk 01:13:16]} {[%emt
00:05:13]} Nd7 {[%clk 01:06:54]} {[%emt 00:00:47]} 15. Nc3 {[%clk 01:10:23]}
{[%emt 00:03:22]} Nb6 {[%clk 01:01:08]} {[%emt 00:06:17]} 16. Ra1 {[%clk
01:10:22]} {[%emt 00:00:31]} Qc7 {[%clk 00:51:18]} {[%emt 00:10:20]} 17. Nd5
{[%clk 01:01:48]} {[%emt 00:09:04]} Bxd5 {[%clk 00:49:04]} {[%emt 00:02:44]}
18. exd5 {[%clk 01:02:12]} {[%emt 00:00:06]} f5 {[%clk 00:48:33]} {[%emt
00:01:01]} 19. b3 {[%clk 00:47:19]} {[%emt 00:15:23]} a5 {[%clk 00:46:51]}
{[%emt 00:02:11]} 20. Rxa5 {[%clk 00:44:08]} {[%emt 00:03:43]} Rxa5 {[%clk
00:46:04]} {[%emt 00:01:16]} 21. Qxa5 {[%clk 00:44:31]} {[%emt 00:00:07]} Ra8
{[%clk 00:45:37]} {[%emt 00:00:57]} 22. Qb5 {[%clk 00:42:51]} {[%emt 00:02:10]}
Rb8 {[%clk 00:39:59]} {[%emt 00:06:08]} 23. Be3 {[%clk 00:37:34]} {[%emt
00:05:48]} Bd8 {[%clk 00:33:00]} {[%emt 00:07:28]} 24. Qe8# {[%clk 00:37:23]}
{[%emt 00:00:09]} 1-0

[Event "DVM U20 2023"]
[Site "Magdeburg GER"]
[Date "2023.12.27"]
[Round "2"]
[White "Rasch, Lukas"]
[Black "Barz, Henrik"]
[Result "0-1"]
[Termination "normal"]
[Board "8.4"]
[WhiteElo "1663"]
[BlackElo "1539"]
[WhiteClock "00:09:17"]
[BlackClock "01:36:27"]
[WhiteTeam "SF Essen-Katernberg 04/32"]
[BlackTeam "ESV Gera"]
[PlyCount "96"]
[WhiteFideId "16272072"]
[BlackFideId "34628320"]
[EventCountry "GER"]
[EventRounds "7"]
[EventType "team-swiss"]
[EventDate "2023.12.26"]

1. e4 {[%clk 01:30:48]} {[%emt 00:00:12]} e6 {[%clk 01:30:58]} {[%emt
00:00:04]} 2. d4 {[%clk 01:31:10]} {[%emt 00:00:07]} d5 {[%clk 01:31:23]}
{[%emt 00:00:05]} 3. exd5 {[%clk 01:31:29]} {[%emt 00:00:11]} exd5 {[%clk
01:31:47]} {[%emt 00:00:07]} 4. Nc3 {[%clk 01:31:51]} {[%emt 00:00:08]} c6
{[%clk 01:31:19]} {[%emt 00:00:58]} 5. Bd3 {[%clk 01:32:10]} {[%emt 00:00:11]}
Bd6 {[%clk 01:31:43]} {[%emt 00:00:06]} 6. Nge2 {[%clk 01:32:31]} {[%emt
00:00:09]} Bg4 {[%clk 01:32:00]} {[%emt 00:00:13]} 7. f3 {[%clk 01:32:51]}
{[%emt 00:00:11]} Bh5 {[%clk 01:32:00]} {[%emt 00:00:30]} 8. Bf4 {[%clk
01:32:54]} {[%emt 00:00:25]} Ne7 {[%clk 01:29:44]} {[%emt 00:02:46]} 9. Qd2
{[%clk 01:33:03]} {[%emt 00:00:22]} Bg6 {[%clk 01:29:41]} {[%emt 00:00:32]} 10.
O-O-O {[%clk 01:32:27]} {[%emt 00:01:06]} O-O {[%clk 01:28:16]} {[%emt
00:01:56]} 11. g4 {[%clk 01:31:42]} {[%emt 00:01:15]} Bxd3 {[%clk 01:28:25]}
{[%emt 00:00:21]} 12. Qxd3 {[%clk 01:32:01]} {[%emt 00:00:10]} b5 {[%clk
01:28:51]} {[%emt 00:00:04]} 13. h4 {[%clk 01:30:39]} {[%emt 00:01:53]} a5
{[%clk 01:28:02]} {[%emt 00:01:17]} 14. h5 {[%clk 01:29:09]} {[%emt 00:02:00]}
a4 {[%clk 01:28:07]} {[%emt 00:00:24]} 15. g5 {[%clk 01:26:32]} {[%emt
00:03:08]} b4 {[%clk 01:28:28]} {[%emt 00:00:09]} 16. Nb1 {[%clk 01:26:57]}
{[%emt 00:00:05]} Bxf4+ {[%clk 01:28:52]} {[%emt 00:00:05]} 17. Nxf4 {[%clk
01:27:13]} {[%emt 00:00:15]} Qd6 {[%clk 01:29:18]} {[%emt 00:00:04]} 18. Rh4
{[%clk 01:20:26]} {[%emt 00:07:18]} Na6 {[%clk 01:28:51]} {[%emt 00:00:55]} 19.
Qe2 {[%clk 00:58:42]} {[%emt 00:22:15]} Nf5 {[%clk 01:27:04]} {[%emt 00:02:17]}
20. Rg4 {[%clk 00:57:40]} {[%emt 00:01:32]} Rfe8 {[%clk 01:27:27]} {[%emt
00:00:06]} 21. Qf2 {[%clk 00:46:58]} {[%emt 00:11:13]} Ne3 {[%clk 01:27:47]}
{[%emt 00:00:09]} 22. Nd3 {[%clk 00:46:44]} {[%emt 00:00:44]} Nxd1 {[%clk
01:27:21]} {[%emt 00:00:56]} 23. Kxd1 {[%clk 00:46:54]} {[%emt 00:00:19]} Rac8
{[%clk 01:26:37]} {[%emt 00:01:14]} 24. f4 {[%clk 00:43:41]} {[%emt 00:03:43]}
c5 {[%clk 01:26:39]} {[%emt 00:00:29]} 25. f5 {[%clk 00:43:22]} {[%emt
00:00:47]} Re4 {[%clk 01:26:34]} {[%emt 00:00:36]} 26. Rg2 {[%clk 00:40:30]}
{[%emt 00:03:24]} b3 {[%clk 01:23:55]} {[%emt 00:03:08]} 27. axb3 {[%clk
00:35:21]} {[%emt 00:05:39]} axb3 {[%clk 01:24:18]} {[%emt 00:00:06]} 28. c3
{[%clk 00:35:33]} {[%emt 00:00:18]} cxd4 {[%clk 01:24:38]} {[%emt 00:00:11]}
29. f6 {[%clk 00:32:41]} {[%emt 00:03:22]} Nc5 {[%clk 01:23:10]} {[%emt
00:01:57]} 30. Nxc5 {[%clk 00:22:52]} {[%emt 00:10:19]} Qxc5 {[%clk 01:22:20]}
{[%emt 00:01:20]} 31. g6 {[%clk 00:20:18]} {[%emt 00:03:05]} hxg6 {[%clk
01:16:11]} {[%emt 00:06:38]} 32. hxg6 {[%clk 00:19:02]} {[%emt 00:01:47]} fxg6
{[%clk 01:15:24]} {[%emt 00:01:18]} 33. f7+ {[%clk 00:16:08]} {[%emt 00:03:24]}
Kf8 {[%clk 01:15:36]} {[%emt 00:00:17]} 34. Rh2 {[%clk 00:15:19]} {[%emt
00:01:19]} Ke7 {[%clk 01:12:59]} {[%emt 00:03:08]} 35. Nd2 {[%clk 00:12:37]}
{[%emt 00:03:12]} Re6 {[%clk 01:13:04]} {[%emt 00:00:24]} 36. Nxb3 {[%clk
00:10:38]} {[%emt 00:02:29]} Qc4 {[%clk 01:10:35]} {[%emt 00:02:59]} 37. Nxd4
{[%clk 00:10:33]} {[%emt 00:00:36]} Rf6 {[%clk 01:07:39]} {[%emt 00:03:26]} 38.
Nf3 {[%clk 00:04:58]} {[%emt 00:06:05]} Qd3+ {[%clk 01:07:35]} {[%emt
00:00:34]} 39. Kc1 {[%clk 00:04:55]} {[%emt 00:00:32]} Qxf3 {[%clk 01:07:52]}
{[%emt 00:00:13]} 40. Qa7+ {[%clk 00:05:05]} {[%emt 00:00:20]} Kd6 {[%clk
01:07:20]} {[%emt 00:01:02]} 41. Qb6+ {[%clk 00:01:09]} {[%emt 00:04:26]} Rc6
{[%clk 01:06:37]} {[%emt 00:01:13]} 42. Qb8+ {[%clk 00:16:27]} {[%emt
00:15:11]} Rc7 {[%clk 01:36:25]} {[%emt 00:00:43]} 43. Qb6+ {[%clk 00:14:56]}
{[%emt 00:02:01]} Kd7 {[%clk 01:36:42]} {[%emt 00:00:13]} 44. Qb5+ {[%clk
00:14:50]} {[%emt 00:00:36]} Rfc6 {[%clk 01:36:38]} {[%emt 00:00:36]} 45. Qxd5+
{[%clk 00:12:00]} {[%emt 00:03:19]} Qxd5 {[%clk 01:35:28]} {[%emt 00:01:40]}
46. f8=Q {[%clk 00:12:23]} {[%emt 00:00:06]} Rd6 {[%clk 01:35:46]} {[%emt
00:00:13]} 47. Qf1 {[%clk 00:08:49]} {[%emt 00:04:04]} Qg5+ {[%clk 01:36:01]}
{[%emt 00:00:14]} 48. Kb1 {[%clk 00:09:17]} {[%emt 00:00:02]} Qf5+ {[%clk
01:36:27]} {[%emt 00:00:04]} 0-1

[Event "DVM U20 2023"]
[Site "Magdeburg GER"]
[Date "2023.12.27"]
[Round "2"]
[White "Hanmuradov, Ülwi"]
[Black "Becker, Samuel"]
[Result "1-0"]
[Termination "normal"]
[Board "8.5"]
[WhiteElo "1867"]
[BlackElo "1338"]
[WhiteClock "00:03:10"]
[BlackClock "00:19:14"]
[WhiteTeam "ESV Gera"]
[BlackTeam "SF Essen-Katernberg 04/32"]
[PlyCount "97"]
[WhiteFideId "34658840"]
[BlackFideId "16271653"]
[EventCountry "GER"]
[EventRounds "7"]
[EventType "team-swiss"]
[EventDate "2023.12.26"]

1. d4 {[%clk 01:30:58]} {[%emt 00:00:02]} e6 {[%clk 01:30:51]} {[%emt
00:00:11]} 2. c4 {[%clk 01:31:16]} {[%emt 00:00:12]} d5 {[%clk 01:31:14]}
{[%emt 00:00:06]} 3. Nf3 {[%clk 01:31:32]} {[%emt 00:00:13]} Nf6 {[%clk
01:31:26]} {[%emt 00:00:18]} 4. Nc3 {[%clk 01:31:56]} {[%emt 00:00:08]} Be7
{[%clk 01:31:41]} {[%emt 00:00:14]} 5. Bg5 {[%clk 01:31:55]} {[%emt 00:00:31]}
O-O {[%clk 01:31:05]} {[%emt 00:01:05]} 6. e3 {[%clk 01:32:12]} {[%emt
00:00:14]} h6 {[%clk 01:30:59]} {[%emt 00:00:34]} 7. Bh4 {[%clk 01:32:31]}
{[%emt 00:00:11]} c5 {[%clk 01:29:58]} {[%emt 00:01:32]} 8. cxd5 {[%clk
01:31:01]} {[%emt 00:02:00]} exd5 {[%clk 01:26:41]} {[%emt 00:03:47]} 9. Be2
{[%clk 01:29:30]} {[%emt 00:02:01]} Nc6 {[%clk 01:24:28]} {[%emt 00:02:43]} 10.
O-O {[%clk 01:27:30]} {[%emt 00:02:30]} Ne4 {[%clk 01:18:14]} {[%emt 00:06:43]}
11. Bxe7 {[%clk 01:26:29]} {[%emt 00:01:32]} Nxe7 {[%clk 01:18:24]} {[%emt
00:00:20]} 12. Qc2 {[%clk 01:22:25]} {[%emt 00:04:34]} cxd4 {[%clk 01:11:43]}
{[%emt 00:07:12]} 13. Nxd4 {[%clk 01:18:46]} {[%emt 00:04:09]} Nf6 {[%clk
01:10:50]} {[%emt 00:01:23]} 14. Rfd1 {[%clk 01:15:42]} {[%emt 00:03:34]} Qc7
{[%clk 01:07:32]} {[%emt 00:03:47]} 15. Rac1 {[%clk 01:12:52]} {[%emt
00:03:20]} Bd7 {[%clk 01:04:37]} {[%emt 00:03:26]} 16. Qd3 {[%clk 01:08:44]}
{[%emt 00:04:38]} Qd6 {[%clk 01:01:27]} {[%emt 00:03:39]} 17. Bf3 {[%clk
01:01:44]} {[%emt 00:07:31]} Rad8 {[%clk 00:59:43]} {[%emt 00:02:14]} 18. Nce2
{[%clk 00:53:19]} {[%emt 00:08:54]} Bg4 {[%clk 00:56:07]} {[%emt 00:04:06]} 19.
Bxg4 {[%clk 00:50:03]} {[%emt 00:03:47]} Nxg4 {[%clk 00:56:21]} {[%emt
00:00:15]} 20. Ng3 {[%clk 00:50:08]} {[%emt 00:00:25]} Ne5 {[%emt 00:04:29]}
21. Qb5 {[%clk 00:47:49]} Rd7 {[%clk 00:52:57]} {[%emt 00:02:45]} 22. b3 {[%clk
00:42:12]} {[%emt 00:06:07]} a6 {[%clk 00:50:38]} {[%emt 00:02:50]} 23. Qe2
{[%clk 00:42:19]} {[%emt 00:00:22]} Rc7 {[%clk 00:49:42]} {[%emt 00:01:27]} 24.
Ngf5 {[%clk 00:38:25]} {[%emt 00:04:24]} Nxf5 {[%clk 00:49:34]} {[%emt
00:00:39]} 25. Nxf5 {[%clk 00:38:50]} {[%emt 00:00:05]} Qd7 {[%clk 00:46:21]}
{[%emt 00:03:42]} 26. Rxc7 {[%clk 00:38:51]} Qxc7 {[%clk 00:46:29]} {[%emt
00:00:50]} 27. Rxd5 {[%clk 00:38:17]} {[%emt 00:01:03]} Rd8 {[%clk 00:44:19]}
{[%emt 00:02:40]} 28. Rxd8+ {[%clk 00:36:08]} {[%emt 00:02:39]} Qxd8 {[%clk
00:44:32]} {[%emt 00:00:18]} 29. h3 {[%clk 00:33:57]} {[%emt 00:02:42]} Qd7
{[%clk 00:40:35]} {[%emt 00:04:27]} 30. Nd4 {[%clk 00:32:38]} {[%emt 00:01:50]}
Nc6 {[%clk 00:38:04]} {[%emt 00:03:00]} 31. Qc4 {[%clk 00:30:34]} {[%emt
00:02:34]} Ne5 {[%clk 00:35:22]} {[%emt 00:03:11]} 32. Qc3 {[%clk 00:30:27]}
{[%emt 00:00:38]} Qd6 {[%clk 00:33:45]} {[%emt 00:02:07]} 33. Qc8+ {[%clk
00:29:49]} {[%emt 00:01:09]} Kh7 {[%clk 00:33:13]} {[%emt 00:01:02]} 34. Qxb7
{[%clk 00:29:08]} {[%emt 00:01:11]} Qg6 {[%clk 00:32:04]} {[%emt 00:01:39]} 35.
Kh2 {[%clk 00:25:34]} {[%emt 00:04:03]} Qd6 {[%clk 00:30:44]} {[%emt 00:01:50]}
36. f4 {[%clk 00:23:47]} {[%emt 00:02:17]} Nd7 {[%clk 00:26:57]} {[%emt
00:04:17]} 37. Qc6 {[%clk 00:21:01]} {[%emt 00:03:17]} Qe7 {[%clk 00:26:45]}
{[%emt 00:00:42]} 38. Nf5 {[%clk 00:19:16]} {[%emt 00:02:15]} Qd8 {[%clk
00:24:21]} {[%emt 00:02:55]} 39. Qxa6 {[%clk 00:18:18]} {[%emt 00:01:28]} Nf6
{[%clk 00:24:11]} {[%emt 00:00:39]} 40. Qd6 {[%clk 00:16:21]} {[%emt 00:02:27]}
Qc8 {[%clk 00:23:47]} {[%emt 00:00:53]} 41. Qd3 {[%clk 00:14:49]} {[%emt
00:02:03]} Kh8 {[%clk 00:22:58]} {[%emt 00:01:20]} 42. Nd6 {[%clk 00:13:40]}
{[%emt 00:01:34]} Qe6 {[%clk 00:22:16]} {[%emt 00:01:16]} 43. a4 {[%clk
00:10:41]} {[%emt 00:03:29]} Nd5 {[%clk 00:21:41]} {[%emt 00:01:04]} 44. Nc4
{[%clk 00:09:08]} {[%emt 00:02:03]} Nf6 {[%clk 00:19:57]} {[%emt 00:02:14]} 45.
a5 {[%clk 00:07:05]} {[%emt 00:02:34]} Ne4 {[%clk 00:19:29]} {[%emt 00:00:58]}
46. Qd8+ {[%clk 00:06:40]} {[%emt 00:00:55]} Kh7 {[%clk 00:19:41]} {[%emt
00:00:18]} 47. Qb6 {[%clk 00:06:26]} {[%emt 00:00:44]} Qd5 {[%clk 00:18:52]}
{[%emt 00:01:19]} 48. a6 {[%clk 00:04:30]} {[%emt 00:02:26]} Qd1 {[%clk
00:19:14]} {[%emt 00:00:09]} 49. Qd4 {[%clk 00:03:10]} {[%emt 00:01:49]} 1-0